History and theory in anthropology

Αποθηκεύτηκε σε:
Λεπτομέρειες βιβλιογραφικής εγγραφής
Κύριος συγγραφέας: Barnard, Alan (Alan J.)
Μορφή: Βιβλίο
Γλώσσα:English
Δημοσίευση: Cambridge, U.K. : Cambridge University Press, 2000
Θέματα:
Ετικέτες: Προσθήκη ετικέτας
Δεν υπάρχουν, Καταχωρήστε ετικέτα πρώτοι!

MARC

LEADER 00000cam a2200000 i 4500
001 1/100904
008 090209s2000 eng d
020 |a 978-0-521-77432-1 (pbk.) 
035 |l 10103044 
040 |a GR-MY-UA  |b gre  |e aacr 
041 0 |a eng 
082 0 |a 306.01  |2 (22) 
100 1 |a Barnard, Alan   |q (Alan J.) 
245 1 0 |a History and theory in anthropology /  |c Alan Barnard 
260 |a Cambridge, U.K. :   |b Cambridge University Press,   |c 2000 
300 |a xii, 243 σ.;  |b εικ., πίν.;  |c 23 εκ. 
504 |a Βιβλιογραφία: σ. 215-235 
504 |a Ευρετήριο: σ. 236-243 
650 0 0 |a Anthropology  |x Philosophy. 
650 0 0 |a Anthropology  |x History. 
852 |a INST  |b LESVOS  |e 20090209  |h 306.01 BAR  |p 005100043899  |q 005100043899  |t BK  |y 0 
901 |a BIBL1-2009-1 
909 |a Λ  |b 157630 
922 |a 1ΕΛΗ  |b 200811  |c ΕΠΕΑΕΚ2/ΚΥΒ  |d ΜΙΧΑΛΟΠΟΥΛΟΣ 
970 |a ΓΙΑΛΑΜΑ  |b ΜΑΡΙΑ  |z 2009/02/09